Challenges with Indian Economy/ (Record no. 206816)

MARC details
000 -LEADER
fixed length control field 00652nam a22002057a 4500
005 - DATE AND TIME OF LATEST TRANSACTION
control field 20241028151718.0
010 ## - LCCN (DPL NO)
LC control number ENG-142505
020 ## - INTERNATIONAL STANDARD BOOK NUMBER
Terms of availability 100.00
International Standard Book Number 9789394830226
035 ## - SYSTEM CONTROL NUMBER
System control number EN-126037
037 ## - SOURCE OF ACQUISITION
Source of stock number/acquisition DBAD/PUB
082 ## - DEWEY DECIMAL CLASSIFICATION NUMBER
Classification number 330.954
100 ## - MAIN ENTRY--PERSONAL NAME
Personal name Kallol Roy
245 ## - TITLE STATEMENT
Title Challenges with Indian Economy/
Statement of responsibility, etc by Kallol Roy
250 ## - EDITION STATEMENT
Edition statement 1
260 ## - PUBLICATION, DISTRIBUTION, ETC. (IMPRINT)
Place of publication, distribution, etc West Bengal
Name of publisher, distributor, etc Kamlesh Nanda on Behalf of Kabitika
Date of publication, distribution, etc 2022
270 ## - ADDRESS
City West Bengal
Address Kharagpur, Midnapore, West Bengal
Postal code 700107
Telephone number 9832130048
Electronic mail address kabitika10@gmail.com
300 ## - PHYSICAL DESCRIPTION
Extent 88p.
Dimensions 21cm(pbk)
700 ## - ADDED ENTRY--PERSONAL NAME
Personal name Rohit Sharma
Relator term Author
9 (RLIN) 73551
942 ## - ADDED ENTRY ELEMENTS (KOHA)
Source of classification or shelving scheme Dewey Decimal Classification
Item type English Books
Classification part 330.954
Call number suffix ROY
Holdings
Withdrawn status Lost status Not for loan Collection code Home library Current library Date acquired Source of acquisition Cost, normal purchase price Full call number Barcode Copy number Cost, replacement price Koha item type
    Not For Loan Non-fiction Bawana Bawana 28/10/2024 DBAD 100.00 330.954 ROY EN-126037 1 100.00 English Books

© Delhi Public Library
Hit Counter
free hit counter